Quizzes
Events
Quiz Creation
Community
Videos
Private Events
Remove Ads
Sign In
Join for FREE
Feedback
Dark Mode
Quiz Categories
Sports
Geography
Music
Movies
Television
Just For Fun
Miscellaneous
History
Literature
Language
Science
Gaming
Entertainment
Religion
Holiday
For Kids
Quiz Lab
Recent
Popular Today
Quiz Kudos Today
Editor Picks
Curator Picks
Quizzes by...
Day
Popularity
Type
Ratings
Length
Year
Community
Subscriptions
Recent Discussions
Orange Saloon
Badges
Playlists
Quests
Create
Leaderboards
Showdown
Live 5
Trivia Bingo
Activity
Puzzle Library
Sporcle Events
Private Events
Virtual Trivia
Globe League
Become a Host
Pub Owners
SporcleCon
Opinionation
Our Games
Videos
Blog
Mobile Apps
Partnerships
Remove Ads and Go Orange
Feedback
Geography
Country
Landmarks
City
State
Population
World
Capital
Continent
Flags
Europe
Africa
Asia
South America
North America
Oceania
Border
Canada
United Kingdom
Topography
United States
Geography
Country
Landmarks
City
State
Population
World
Capital
Continent
Flags
Europe
Africa
Asia
South America
North America
Oceania
Border
Canada
United Kingdom
Topography
United States
Random Quiz
Search Sporcle
×
Quiz Lab
Quiz Lab
Geography
University
Type in answers that appear in a list
Type in answers that appear in a list
Classic
Best Score? Go Orange.
University by Landmark Photo Stats
Can you name the university by a photo of one of their landmarks?
By
jonesjeffum
6m
25 Questions
455 Plays
455 Plays
455 Plays
Comments
Comments
Give Quiz Kudos
Give Quiz Kudos
-
- Ratings
hide this ad
Forced Order
Answers have to be entered in order
Answers have to be entered in order
Replay
Link that replays current quiz
Next Quiz
Link to next quiz in quiz playlist
You Got
0%
They Got
Avg Score
28%
Avg Friend Score
Upgrade to see
Score Distribution
Jump to the score distribution portion of the page
Score
0/25
Timer
06:00
0
Plays Today
#
University
% Correct
4
Notre Dame
71.2%
2
Virginia
70.5%
1
Stanford
62.6%
19
Penn State
56.5%
6
Penn
48.1%
13
Harvard
40.9%
3
Texas
37.8%
5
Cambridge
33.8%
18
Air Force
33.8%
7
MIT
31.9%
8
Pittsburgh
29.7%
16
North Carolina
26.4%
11
Oxford
26.2%
#
University
% Correct
14
Duke
24.6%
15
Princeton
22.6%
25
Cal
15.4%
24
Arizona State
14.1%
23
Dartmouth
13%
12
Cornell
12.5%
22
Georgia
11.9%
10
Michigan
11%
21
Wisconsin
7.7%
20
Ohio State
5.3%
17
Illinois
5.1%
9
Maryland
4.4%
Quiz Playlist
Details
Report
Send in Message
Add To Playlist
Classic:
Type in answers that appear in a list
Forced Order:
Answers have to be entered in order
Last Updated: Mar 15, 2018
Quiz Scoreboard
CHALLENGE
Sign Up to Join the Scoreboard
Show All
Scores
Hide
Comments
May contain spoilers
Recently Published
TV Characters by Other Roles V
by ghcgh
Television
5m
Decade Duel: World Leaders
by jenniferyan
History
4m
Alphabetical 'K' Countries by Flag Minefield
by ylime102
Geography
3m
More to Explore
Quiz From the Vault
Featured Blog Post
15 Basketball Trivia Facts You Can Be March Mad About
hide this ad
You Might Also Like...
Tags
Landmarks Quiz
University Quiz
Today's Top Quizzes in Geography
Browse Geography
hide this ad
Today's Top Quizzes in University
Browse University
Top Contributed Quizzes in Geography
1
Countries of the World - No Outlines Minefield
2
Pick 6: Mountains
3
Least Populated Answer: 'G' Countries
4
Alphabetical 'L' Countries By Flag Minefield
5
Lietuvos savivaldybės (Lithuanian Municipalities)
6
Pick 6: National Parks
7
Pick 6: US States
8
Alphabetical 'M' Countries By Flag Minefield
9
'A' Capitals Crossword
10
Countries of the World: 1800
Explore More
Trending Topics
Anime
Kpop
Harry Potter
Marvel
NBA
Disney
Crossword
NFL
WWE
Soccer
Country
Pokémon
Song
Puzzle
The Office
hide this ad
More By:
jonesjeffum
Quiz
Plays
Rating
Category
Featured
Created
NBA Players by Face
1,633,813
4.55
Sports
Feb 17, 2011
NBA Playoffs Statistical Leaders
404,368
4.54
Sports
Apr 16, 2010
City by Landmark Photo
374,819
4.08
Geography
May 5, 2010
Sports Logo Silhouettes
302,749
4.19
Sports
Jan 24, 2013
Sightseeing in North America
275,317
3.76
Geography
May 3, 2010
Go to Creator's Profile
Score Distribution
Quiz Creator Spotlight
jonesjeffum
Follow
Send a Message
Quizzes Created
-
Created Quiz Play Count
-
More By This Creator
Popular Quizzes Today
1
Countries of Asia Without Outlines Minefield
2
Find the US States - No Outlines Minefield
3
Pick 6: Fruits
4
The Countries of the World
5
Alphabetical 'K' Countries by Flag Minefield
6
Find the Countries of Europe - No Outlines Minefield
7
US States
8
Find the US States
More Geography Quizzes
Find the US States Ultimate Minefield
Published
Trending Quizzes
Pick 6: Mountains
Pick 6: Harry Potter
Pick 6: Flags
Pick 6: NFL Teams
Pick 6: Movie Franchises
Recently Updated
Adaptations: Name the Title
pecheneg
NWSL Teams
pecheneg
Women's Final Four Teams by Year
bhenderson79
Presidents Quartet II
eogle
Anything But Clue(do)
eogle
Anything But Oceanian Capitals
eogle
Anything But 7
eogle
Anything But Thing
eogle
Word Ladder: February 29
pecheneg
Song Title Questions
pecheneg
Trending Topics
Harry Potter
Crossword
Kpop
NBA
Disney
Marvel
Anime
WWE
Country
NFL
Puzzle
Pokémon
Song
Soccer
The Office
Your Account Isn't Verified!
In order to create a playlist on Sporcle, you need to verify the email address you used during registration. Go to your
Sporcle Settings
to finish the process.
Report this User
Report this user for behavior that violates our
Community Guidelines
.
Details:
Send Report
Go to the Sporcle.com Mobile Site →
Comments